Pojištění sportovců

Poistenie športovcov v Českej republike na základe zmlúv na životné, nemocenské a úrazové poistenie. Poisťovne, ktoré ponúkajú poistenie pre športovcov. Individuálne a skupinové poistenie. Poistné podmienky. Poistné a poistné plnenie.

Gespeichert in:
Bibliographische Detailangaben
1. Verfasser: Dobiáš, Petr
Weitere Verfasser: Šlosarová, Michaela
Format: Buchkapitel
Sprache:Tschechisch
Schlagworte:
Tags: Tag hinzufügen
Keine Tags, Fügen Sie das erste Tag hinzu!

MARC

LEADER 00000naa a2200000 4500
001 0258850
005 20191010092254.0
041 0 |a cze 
044 |a CZ 
245 1 0 |a Pojištění sportovců  |c Petr Dobiáš, Michaela Šlosarová 
520 |a Poistenie športovcov v Českej republike na základe zmlúv na životné, nemocenské a úrazové poistenie. Poisťovne, ktoré ponúkajú poistenie pre športovcov. Individuálne a skupinové poistenie. Poistné podmienky. Poistné a poistné plnenie. 
610 2 0 |a poistenie životné 
610 2 0 |a poistenie úrazové 
610 2 0 |a poistenie nemocenské 
610 2 0 |a poistné 
610 2 0 |a poistníci 
610 2 0 |a poisťovne 
610 2 0 |a riziko 
610 2 0 |a šport 
610 2 0 |a Česko 
100 1 |a Dobiáš, Petr 
700 1 |a Šlosarová, Michaela